| 000 | 01633nam0a22003491 4500 | ||
|---|---|---|---|
| 001 | rc\4951452 | ||
| 005 | 20260409072251.0 | ||
| 021 |
_aRU _b[68-12] |
||
| 035 | _a(NLR Aleph) 008953217 | ||
| 090 |
_a9016739 _c9016739 |
||
| 100 | _a20130426d1967 u y0rusy50 ca | ||
| 101 | 0 | _arus | |
| 102 | _aRU | ||
| 105 | _ay z ||||| | ||
| 200 | 1 |
_aРеволюционная сатира Салтыкова-Щедрина и русская литература _fМ-во культуры РСФСР. Моск. гос. ин-т культуры |
|
| 210 |
_aМосква _cПросвещение _d1967 |
||
| 215 |
_a332 с. _d22 |
||
| 225 | 1 |
_a[М.Е. Салтыков-Щедрин и русская литература _vТ. 1] |
|
| 320 | _aАтрибуция, доп. и уточнения к библиогр. лит. о Салтыкове-Щедрине: с. 298-315 (272 назв.) | ||
| 320 | _aИменной указатель: с. 323-331 | ||
| 320 | _aБиблиогр. в примеч.: с. 316-321 | ||
| 600 | 1 |
_aСалтыков-Щедрин _bМ. Е. _gМихаил Евграфович _f1826 - 1889 _3RU\NLR\AUTH\66987745 _91570512 |
|
| 686 | 2 | _aШ5(2=Р)52-4Салтыков-Щедрин417 | |
| 700 | 1 |
_aТрофимов _bИ.Т. _gИван Трофимович |
|
| 702 | 1 |
_4070 _8rus _7ca _aДмитриев _f1957- _bЮ. А. _gЮрий Альбертович _cд-р юрид. наук _3RU\NLR\AUTH\771331 _9111358 |
|
| 801 | 0 |
_aRU _bNLR _gpsbo |
|
| 801 | 1 |
_aRU _bELAR _2rusmarc |
|
| 852 |
_aNLR _j68-5/574 |
||
| 942 | _cUNSPEC | ||
| 980 | _aNB | ||